Advertising (Record no. 27015)

MARC details
000 -LEADER
fixed length control field 00409nam a2200181Ia 4500
020 ## - INTERNATIONAL STANDARD BOOK NUMBER
ISBN 9781844801602
050 ## - CALL MARK
Classification number HF 5823 .Y47/
100 ## - STATEMENT OF RESPONSIBILITY--MAIN AUTHOR NAME
Personal name Yeshin, Tony
245 #0 - TITLE STATEMENT
Title Advertising
260 ## - PUBLICATION, DISTRIBUTION, ETC. (IMPRINT)
Place of publication Hampshire
260 ## - PUBLICATION, DISTRIBUTION, ETC. (IMPRINT)
Name of publisher Cengage Learning EMEA
260 ## - PUBLICATION, DISTRIBUTION, ETC. (IMPRINT)
Year of publication 2011
300 ## - PHYSICAL DESCRIPTION
Number of Pages 465 p
650 ## - SUBJECT ADDED ENTRY--TOPICAL TERM
Topical Term Advertising.
942 ## - ADDED ENTRY ELEMENTS (KOHA)
Koha item type Books
Holdings
Withdrawn status Lost status Source of classification or shelving scheme Damaged status Not for loan Permanent Location Current Location Shelving location Date acquired Full call number Accession Number Price effective from Koha item type
    Library of Congress Classification     NILE UNIVERSITY OF NIGERIA - MAIN LIBRARY NILE UNIVERSITY OF NIGERIA - MAIN LIBRARY Items on shelf 04/23/2025 HF 5823 .Y47 0192351 04/23/2025 Books